Bruce Willis Movies Quiz Stats

 Plays Quiz Updated Dec 31, 2020

Support Sporcle.
Go Orange.
Score 0/88 Timer 08:00
1 Play Today
Year Movie % Correct
1988Die Hard
98.6%
1990Die Hard 2
95.1%
2007Live Free or Die Hard
74.2%
2013A Good Day to Die Hard
67.1%
1995Die Hard with a Vengeance
66.5%
1999The Sixth Sense
62.5%
2000The Whole Nine Yards
60.9%
1994Pulp Fiction
58.4%
2004The Whole Ten Yards
58%
1997The Jackal
55.4%
2019Glass
53.4%
1997The Fifth Element
50.6%
2012The Expendables 2
47.8%
1998Armageddon
46.4%
1989Look Who's Talking
46.3%
1991Hudson Hawk
46.2%
2013RED 2
45.4%
2000Unbreakable
42.8%
1990Look Who's Talking Too
38.2%
2012Looper
37.7%
2005Sin City
37.2%
2014Sin City: A Dame to Kill For
35.1%
1995Twelve Monkeys
34.8%
2018Death Wish
31.2%
1991The Last Boy Scout
30.6%
2006Over the Hedge
29.1%
2003Tears of the Sun
28.6%
2000The Kid
25.4%
2006Lucky Number Slevin
24.4%
2005Hostage
23.5%
Year Movie % Correct
200616 Blocks
23.3%
2012Moonrise Kingdom
22.6%
2002Hart's War
22.1%
2010RED
21.8%
1992Death Becomes Her
20.4%
1998The Siege
19.8%
2013G.I. Joe: Retaliation
19%
1998Mercury Rising
18.4%
1987Blind Date
18%
1996Last Man Standing
17.3%
2007Grindhouse (Planet Terror)
15.9%
1993Striking Distance
15.3%
2009Surrogates
15.2%
1990The Bonfire of the Vanities
13.9%
2015Rock the Kasbah
13.7%
2014The Prince
13.6%
1994Color of Night
13.5%
2015Vice
13.3%
2016Marauders
13.2%
2007Alpha Dog
13%
2010Cop Out
12.8%
2017Once Upon a Time in Venice
12.8%
1994North
12.6%
2017First Kill
11.9%
2012Fire with Fire
11.7%
2012The Cold Light of Day
11.6%
2020Hard Kill
11.5%
2015Extraction
11.3%
2011Catch .44
11%
2016Precious Cargo
10.9%
Year Movie % Correct
2019The Lego Movie 2: The Second Part
10.8%
2018Acts of Violence
10.6%
2019Motherless Brooklyn
10.6%
2001Bandits
10.5%
2018Reprisal
10.3%
2018Air Strike
10.3%
2003Rugrats Go Wild
10%
2011Setup
10%
2020Breach
10%
2012Lay the Favorite
10%
2019Between Two Ferns: The Movie
9.8%
2007Perfect Stranger
9.6%
1999The Story of Us
9.6%
1992The Player
8.8%
1996Beavis and Butt-Head Do America
8.7%
1999Breakfast of Champions
8.3%
2019Trauma Center
8.3%
1988Sunset
7.3%
201910 Minutes Gone
6.9%
1994Nobody's Fool
6.8%
1991Billy Bathgate
6.7%
2008What Just Happened
6.5%
1989In Country
6.4%
1991Mortal Thoughts
6.3%
2008Assassination of a High School President
6.3%
2020Survive the Night
5.9%
2006Fast Food Nation
5.2%
2004Grand Champion
3.8%

From the Vault

Best 'Of' Literature II

by MrChewypoo

When it comes to books, these are the best of the best.
Remove Ads.
Support Sporcle.
Get the best of Sporcle when you Go Orange. This ad-free experience offers more features, more stats, and more fun while also helping to support Sporcle. Thank you for becoming a member.

Show Comments

Extras

Top Quizzes Today


Score Distribution

Your Account Isn't Verified!

In order to create a playlist on Sporcle, you need to verify the email address you used during registration. Go to your Sporcle Settings to finish the process.

Report this User

Report this user for behavior that violates our Community Guidelines.

Details: